00830nam a2200241Ia 4500001000600000003000900006008004100015040001300056040001300069041001300082100002300095100002900118245005400147245002400201250001100225260001100236260003200247260004900279300005900328500012900387650004100516650003100557E9860IT-RoPAU130308s9999 xx 000 0 und d aIT-RoPAU cIT-RoPAU aITALIANO aDe la Baume Renaud gCodice Aut. SPICS: 44605 aMedia macchine da guerra nella ex Jugoslavia (I) bMedia dell'Odio (I) a1a ed. aTORINO bEga - Edizioni Gruppo Abele c1998 [1° Ed.:1998 - Ed.Ling.Originale:1995] a"16 p. (prefazione: no ; testo: 16 [pagine: 117-132])" aMedia Ostaggio dei Nazionalisti. Soldati dell'informazione nel conflitto Serbo Croato. Età della pietra dell'Informazione. aPOLITICA DELLA COMUNICAZIONE SOCIALE eCodice materia Spics: 3803